Ako sa darí poľskému dôchodkovému trhu prvý a druhý pilier
Dôchodkové reformy v Európe a ich aplikácia v krajinách V4. Penzijná reforma v Poľsku. Sociálna poisťovňa a súkromné spoločnosti. Fondy založené poisťovňami. Príspevky na dôchodok a garantovanie výnosov. Štruktúra portfólia a činnosť regulačného úradu.
Enregistré dans:
| Auteur principal: | |
|---|---|
| Format: | Chapitre de livre |
| Langue: | slovaque |
| Sujets: | |
| Tags: |
Pas de tags, Soyez le premier à ajouter un tag!
|
MARC
| LEADER | 00000naa a2200000 4500 | ||
|---|---|---|---|
| 001 | 0123269 | ||
| 005 | 20231019091412.0 | ||
| 041 | 0 | |a slo | |
| 044 | |a SK | ||
| 245 | 1 | 0 | |a Ako sa darí poľskému dôchodkovému trhu |b prvý a druhý pilier |c Vladimír Baláž |
| 520 | |a Dôchodkové reformy v Európe a ich aplikácia v krajinách V4. Penzijná reforma v Poľsku. Sociálna poisťovňa a súkromné spoločnosti. Fondy založené poisťovňami. Príspevky na dôchodok a garantovanie výnosov. Štruktúra portfólia a činnosť regulačného úradu. | ||
| 610 | 2 | 0 | |a Vyšehradská štvorka |
| 610 | 2 | 0 | |a Poľsko |
| 610 | 2 | 0 | |a systémy dôchodkové |
| 610 | 2 | 0 | |a reformy dôchodkové |
| 610 | 2 | 0 | |a poistenie dôchodkové |
| 610 | 2 | 0 | |a sporenie dôchodkové |
| 610 | 2 | 0 | |a spoločnosti správcovské dôchodkové |
| 610 | 2 | 0 | |a fondy penzijné |
| 610 | 2 | 0 | |a regulácia štátna |
| 100 | 1 | |a Baláž, Vladimír | |